Arrêts de bus de Nantes - Ligne C4 - Statistiques

Statistiques générales
  • Ce quiz a été pris 2 fois
  • Le résultat moyen est 11 sur 27
Statistiques - réponses
Commune Arrêts Correspondances % Correct
Rezé Félix Tableau 97
100%
Nantes Greneraie 4, C9, 27, 28, 36, 38, E8
100%
Les Sorinières Les Sorinières
100%
Les Sorinières Mairie des Sorinières
100%
Nantes Pirmil 2, 3, C9, 27, 28, 36, 38, 42, E8
100%
Rezé Blanchet
50%
Nantes Châtelets C9, 27, 28, 36, 38
50%
Rezé Corbinerie
50%
Rezé Flora Tristan
50%
Rezé La Carrée 30
50%
Rezé Pinier
50%
Rezé Pont Rousseau - Martyrs 2, 3, 38
50%
Rezé Ragon 33
50%
Les Sorinières Rue de Nantes
50%
Rezé Saint Paul - Salengro
50%
Rezé Trois Moulins
50%
Les Sorinières Champ Fleuri
0%
Les Sorinières Clos du Moulin
0%
Les Sorinières Corberie
0%
Les Sorinières Écoles
0%
Les Sorinières Haute Lande
0%
Les Sorinières Les Faulx
0%
Les Sorinières Papillons
0%
Rezé Porte de Rezé
0%
Les Sorinières Prières
0%
Rezé Retas
0%
Les Sorinières Rouet
0%
Aucun quiz correspondant
Distribution des résultats
% des personnes avec chaque résultat
Percentile par nombre de réponses
Votre historique - résultats
Vous n’avez pas pris ce quiz